CHALLENGE OF EFFECTIVE SPEAKING (Record no. 11292)
[ view plain ]
| 000 -LEADER | |
|---|---|
| fixed length control field | 00381nam a2200145Ia 4500 |
| 008 - FIXED-LENGTH DATA ELEMENTS--GENERAL INFORMATION | |
| fixed length control field | 240624s9999 xx 000 0 und d |
| 041 ## - LANGUAGE CODE | |
| Language code of text/sound track or separate title | eng |
| 082 ## - DEWEY DECIMAL CLASSIFICATION NUMBER | |
| Classification number | 808.51 VER |
| 100 ## - MAIN ENTRY--PERSONAL NAME | |
| Personal name | VERDERBER RUDOLPH F |
| 245 ## - TITLE STATEMENT | |
| Title | CHALLENGE OF EFFECTIVE SPEAKING |
| 250 ## - EDITION STATEMENT | |
| Edition statement | (14th ed.) |
| 260 ## - PUBLICATION, DISTRIBUTION, ETC. | |
| Date of publication, distribution, etc. | 2008 |
| Place of publication, distribution, etc. | Australia |
| Name of publisher, distributor, etc. | Thomson Wadsworth |
| 300 ## - PHYSICAL DESCRIPTION | |
| Extent | xix, : 358 : p. : cm. ; 27 |
| 365 ## - TRADE PRICE | |
| Currency code | |
| Price amount | 30 |
| Withdrawn status | Lost status | Damaged status | Not for loan | Home library | Current library | Shelving location | Date acquired | Source of acquisition | Cost, normal purchase price | Total Holds | Full call number | Barcode | Date last seen | Copy number | Price effective from | Koha item type |
|---|---|---|---|---|---|---|---|---|---|---|---|---|---|---|---|---|
| IMTN | IMTN | Rack 38-A | 10/18/2008 | IBH | 106.95 | 1691 | 808.51 VER | 11292 | 06/24/2024 | 48 | 06/24/2024 | Books |